000 00640nam a2200181Ia 4500
008 100920s9999 xx 000 0 und d
082 _b38015
_a891.43 थ 77
100 _aनाहटा अमृत.
245 _aकिस्सा कुर्सी का.
260 _bराजपाल एण्ड सन्स ,कश्मीरी गेट, दिल्ली.
_c1977
300 _a143
_bसाधी
365 _b15
520 _aहिंदी.
630 _aकिस्सा कुर्सी का.
650 _aहिंदी.
730 _aकिस्सा कुर्सी का.
942 _cBOOK
999 _c690298
_d690295